000 00379nam a2200109Ia 4500
008 171212s9999 xx 000 0 und d
020 _a9781783742783
245 _ceditor Blessinger, Patrick;Bliss, TJ
_aOpen Education
_bInternational Perspectives in Higher Education
260 _bOpen Book Publishers
_c2016
650 _aEducation
856 _uhttp://jstor.org/stable/j.ctt1sq5v9n
999 _c351586
_d351586